The complete illustrated novels of jane austen / (Record no. 136710)
[ view plain ]
| 000 -LEADER | |
|---|---|
| fixed length control field | 00837nam a2200265 4500 |
| 003 - CONTROL NUMBER IDENTIFIER | |
| control field | dpl |
| 005 - DATE AND TIME OF LATEST TRANSACTION | |
| control field | 20180714154636.0 |
| 008 - FIXED-LENGTH DATA ELEMENTS--GENERAL INFORMATION | |
| fixed length control field | 180714b xxu||||| |||| 00| 0 eng d |
| 010 ## - LIBRARY OF CONGRESS CONTROL NUMBER | |
| LC control number | B-043012 |
| 020 ## - INTERNATIONAL STANDARD BOOK NUMBER | |
| International Standard Book Number | 1851520503 |
| 035 ## - SYSTEM CONTROL NUMBER | |
| System control number | B-043012, B-043016 |
| 037 ## - SOURCE OF ACQUISITION | |
| Source of stock number/acquisition | Cen Lib / Ret |
| 040 ## - CATALOGING SOURCE | |
| Original cataloging agency | DPL |
| Language of cataloging | EN |
| Transcribing agency | 0 |
| 082 ## - DEWEY DECIMAL CLASSIFICATION NUMBER | |
| Classification number | N |
| Item number | AUS |
| 100 ## - MAIN ENTRY--PERSONAL NAME | |
| Personal name | Austen, Jane |
| 245 ## - TITLE STATEMENT | |
| Title | The complete illustrated novels of jane austen / |
| Statement of responsibility, etc | by Jane Austen |
| 260 ## - PUBLICATION, DISTRIBUTION, ETC. (IMPRINT) | |
| Place of publication, distribution, etc | London |
| Name of publisher, distributor, etc | Chancellor |
| Date of publication, distribution, etc | 2000 |
| 270 ## - ADDRESS | |
| Address | 2-4, Heron Quays |
| City | London |
| Postal code | 1996 |
| 300 ## - PHYSICAL DESCRIPTION | |
| Extent | v 2. 863p |
| Other physical details | 24cm(Hb) |
| 505 ## - FORMATTED CONTENTS NOTE | |
| Formatted contents note | Vol. 2. Sense and sensibility ; Emma ; Northanger Abbey. 1987. |
| 650 ## - SUBJECT ADDED ENTRY--TOPICAL TERM | |
| Topical term or geographic name as entry element | Young women -- England -- Fiction. |
| 650 ## - SUBJECT ADDED ENTRY--TOPICAL TERM | |
| Topical term or geographic name as entry element | England -- Social life and customs -- 19th century -- Fiction. |
| 650 ## - SUBJECT ADDED ENTRY--TOPICAL TERM | |
| Topical term or geographic name as entry element | Manners and customs. |
| 942 ## - ADDED ENTRY ELEMENTS (KOHA) | |
| Source of classification or shelving scheme | Dewey Decimal Classification |
| Koha item type | English Books |
| Classification part | N |
| Call number suffix | AUS |
| Withdrawn status | Lost status | Source of classification or shelving scheme | Materials specified (bound volume or other part) | Damaged status | Not for loan | Home library | Current library | Date acquired | Source of acquisition | Total Checkouts | Full call number | Barcode | Date last seen | Copy number | Price effective from | Koha item type | Collection code | Cost, normal purchase price | Cost, replacement price |
|---|---|---|---|---|---|---|---|---|---|---|---|---|---|---|---|---|---|---|---|
| Dewey Decimal Classification | v 2 | Central Library | Central Library | 08/03/2016 | Cen Lib/Ret | N AUS | B-043012 | 08/03/2016 | 1 | 08/03/2016 | English Books | ||||||||
| Dewey Decimal Classification | Shahdara Branch | Shahdara Branch | 14/07/2018 | BPPD/PUB | N AUS | B-043016 | 14/07/2018 | 14/07/2018 | English Books | Fiction | 0.00 | 0.00 |
